| 000 | 00430pab a2200145 454500 | ||
|---|---|---|---|
| 008 | 180718b1989 xxu||||| |||| 00| 0 eng d | ||
| 100 | _aKolenda, Pauline | ||
| 245 |
_aMicro ideology and microutopia in Khalapur _bChange in the discourse on caste over thirty years |
||
| 260 | _c1989 | ||
| 300 | _a1831-8 | ||
| 362 | _a12 Aug. | ||
| 650 | _aCaste - India - Uttar Pradesh | ||
| 773 | _aEconomic and Political Weekly | ||
| 909 | _a5189 | ||
| 999 |
_c5189 _d5189 |
||